| 000 | 00387nam a2200157Ia 4500 | ||
|---|---|---|---|
| 008 | 230711s9999||||xx |||||||||||||| ||und|| | ||
| 020 | _a978-81-8495-152-3 | ||
| 041 | _aENG | ||
| 082 |
_a800 _bPA-T |
||
| 100 | _aPattanaik,Devdutt | ||
| 245 | 0 | _a99 Thoughts on Ganesha | |
| 260 |
_c2011 _aNew Delhi _bJaico Books Publishing House |
||
| 300 | _a225 | ||
| 650 | _aLiterature | ||
| 942 | _cBK | ||
| 999 |
_c5231 _d5231 |
||